Database systems Design, implementation, and management
TI150
সংরক্ষণ করুন:
| প্রধান লেখক: | |
|---|---|
| অন্যান্য লেখক: | |
| বিন্যাস: | গ্রন্থ |
| ভাষা: | Undetermined |
| প্রকাশিত: |
Boston, Massachusetts
Thomson/Coursetechnology
2004
|
| বিষয়গুলি: | |
| অনলাইন ব্যবহার করুন: | http://lrc.tdmu.edu.vn/opac/search/detail.asp?aID=2&ID=16059 |
| ট্যাগগুলো: |
ট্যাগ যুক্ত করুন
কোনো ট্যাগ নেই, প্রথমজন হিসাবে ট্যাগ করুন!
|
| Thư viện lưu trữ: | Trung tâm Học liệu Trường Đại học Thủ Dầu Một |
|---|
| LEADER | 00793nam a2200229Ia 4500 | ||
|---|---|---|---|
| 001 | TDMU_16059 | ||
| 008 | 210410s9999 xx 000 0 und d | ||
| 082 | |a 004.2 | ||
| 090 | |b R418 | ||
| 100 | |a Rob, Peter | ||
| 245 | 0 | |a Database systems | |
| 245 | 0 | |b Design, implementation, and management | |
| 245 | 0 | |c Peter Rob, Carlos Coronel | |
| 260 | |a Boston, Massachusetts | ||
| 260 | |b Thomson/Coursetechnology | ||
| 260 | |c 2004 | ||
| 300 | |a xxix, 795p. | ||
| 520 | |a TI150 | ||
| 650 | |a Database design; Database management; Thiết kế cơ sở dữ liệu; Quản trị cơ sở dữ liệu | ||
| 700 | |a Coronel, Carlos | ||
| 856 | |u http://lrc.tdmu.edu.vn/opac/search/detail.asp?aID=2&ID=16059 | ||
| 980 | |a Trung tâm Học liệu Trường Đại học Thủ Dầu Một | ||